Down to the last ballot: the italian elections of 9-10 april 2006 /

Enregistré dans:
Détails bibliographiques
Auteur principal: Caciagli, Mario
Format: Texte
Sujets:
Tags: Ajouter un tag
Pas de tags, Soyez le premier à ajouter un tag!

MARC

LEADER 00000 a a2200000 04500
001 1845
003
040
100 |a Caciagli, Mario  
245 |a Down to the last ballot:   |b the italian elections of 9-10 april 2006 /  |c Mario Caciagli 
650 |a ELECCIONES  
650 |a PARTIDOS POLITICOS  
650 |a POLITICA  
650 |a ITALIA  
773 |g número 5; páginas 5-34  
999 |c 33353  |d 33353